22 - Taylor Swift Lyrics - Statistics

General Stats
  • This quiz has been taken 86 times
  • The average score is 330 of 415
Answer Stats
Answer % Correct
a
100%
I
100%
(I
100%
22
98%
22)
98%
(22)
98%
to
97%
you
97%
you)
97%
(you)
97%
(you
97%
feeling
95%
like
95%
like)
95%
about
94%
I'm
94%
i'm
94%
It
94%
it
94%
be
92%
don't
92%
know
92%
we
92%
alright
90%
(alright)
90%
but
90%
feels
90%
night
90%
oh
90%
(oh
90%
oh)
90%
perfect
90%
everything
89%
the
89%
yeah
89%
(yeah
89%
yeah)
89%
and
87%
keep
87%
of
86%
we're
86%
if
84%
me
84%
me)
84%
next
84%
will
84%
make
83%
dancing
81%
(dancing
81%
dress
79%
fun
79%
our
79%
when
79%
exes
78%
up
78%
hipsters
76%
it's
76%
in
75%
time
75%
want
73%
at
71%
happy
71%
just
71%
for
70%
magical
68%
bet
67%
one
67%
those
67%
confused
65%
is
65%
too
65%
with
65%
forget
63%
love
63%
same
63%
miserable
62%
nights
62%
strangers
62%
fall
60%
free
60%
lonely
60%
cool
59%
midnight
59%
way
59%
deadlines
57%
kids
57%
many
57%
sleepin'
57%
tonight's
57%
uh
57%
breakfast
56%
i'll
56%
this
56%
whole
56%
best
54%
crowded
52%
have
52%
seems
52%
gotta
51%
place
51%
scene
51%
instead
46%
won't
46%
dreamin'
44%
heartbreaks
44%
sleeping
44%
ditch
41%
end
41%
look
41%
(ooh)
41%
ooh
41%
Swift
41%
Taylor
41%
anyway
38%
bad
38%
(who's
38%
new
37%
(hey)
35%
ew)
32%
news
27%
(whoah
21%
woah
19%
eh
6%
No matching quizzes found
Score Distribution
Percent of People with Each Score
Percentile by Number Answered
Your Score History
You have not taken this quiz